| 000 | 00690nam a22001937a 4500 | ||
|---|---|---|---|
| 005 | 2010082002252.0 | ||
| 010 | _aENG-101089 | ||
| 020 | _c100.00 | ||
| 035 | _aEN-84622 | ||
| 037 | _bDBAD/PUB | ||
| 082 | _aN | ||
| 100 |
_aKarunanidhi, kalaignar Mu. _923475 |
||
| 245 |
_aThe lion of the south / _cby Kalaignar Mu. Karunanidhi; translated by K. Chellappan |
||
| 260 |
_aChennai _bTamil Ilakkiya Sangappalagai Kural Peedam _c2000 |
||
| 270 |
_a38-D, Akbarabad II Street, Kodambakkam _bChennai _e600024 |
||
| 300 |
_axiii,280p. _c23cm (Hb) |
||
| 942 |
_2ddc _cEN _hN _mKAR |
||
| 999 |
_c42710 _d42710 |
||